[Event "EICC 2009 "]
[Site "Budva"]
[Date "2009.03.17"]
[Round "11.132"]
[White "Wieczorek, Oskar"]
[Black "Kruljac, Petra"]
[Result "1/2-1/2"]
[WhiteElo "2265"]
[BlackElo "2052"]
[PlyCount "35"]
[EventDate "2009.03.06"]

1. e4 e6 2. d4 d5 3. Nc3 Bb4 4. e5 c5 5. a3 Bxc3+ 6. bxc3 Ne7 7. Nf3 Qa5 8. Bd2
Qa4 9. dxc5 Nd7 10. Be2 Nxc5 11. c4 b6 12. cxd5 Nxd5 13. O-O Ba6 14. c4 Qxd1
15. Rfxd1 Nb3 16. Rab1 Nxd2 17. Rxd2 Nc3 18. Rc1 1/2-1/2

[Event "EICC 2009 "]
[Site "Budva"]
[Date "2009.03.17"]
[Round "11.104"]
[White "Masic, Predrag"]
[Black "Swiercz, Dariusz"]
[Result "0-1"]
[WhiteElo "2371"]
[BlackElo "2472"]
[PlyCount "68"]
[EventDate "2009.03.06"]

1. e4 c5 2. Nf3 d6 3. c3 Nf6 4. Be2 Nbd7 5. d3 b6 6. Nbd2 Bb7 7. O-O g6 8. Re1
Bg7 9. Bf1 O-O 10. d4 cxd4 11. cxd4 e5 12. d5 a5 13. Nb1 Nc5 14. Nc3 Ne8 15.
Bg5 f6 16. Bh4 h5 17. h3 Bh6 18. Nd2 Ng7 19. Nc4 Ba6 20. Na3 Bxf1 21. Rxf1 Qd7
22. Nc4 Rab8 23. a4 f5 24. f3 g5 25. Bf2 g4 26. exf5 gxh3 27. Ne4 hxg2 28. Kxg2
Nxf5 29. Ra3 Bf4 30. Rh1 Qg7+ 31. Kh3 Kh8 32. Qe2 Rg8 33. Rg1 Qxg1 34. Bxg1
Rxg1 0-1